000 00411nam a2200145Ia 4500
005 20260326235438.0
008 260326s9999||||xx |||||||||||||| ||und||
100 _ade Anda Alanís, Enrique Xavier
245 0 _aLuis Barragán :
_b Clásico del silencio /
_cEnrique Xavier de Anda Alanís
260 _bEscala
300 _a239 p.
440 _aCOLECCIÓN SOMOSUR - TOMO 6
650 _aARQUITECTOS
942 _cBK
999 _c7302
_d7302